000 00711nam a2200205 a 4500
005 20231128063943.0
008 991125s1972 mx 000 0 spa u
035 _aUPN01000005350
049 _aCG
050 4 _aF1220
_bM3.3
100 1 _aMarroquín Zabaleta, Alejandro Dagoberto,
_d1911-1977
_934782
245 1 0 _aBalance del indigenismo :
_binforme sobre la política indigenista en América /
_cAlejandro D. Marroquín.
260 _aMéxico :
_bIII,
_c1972.
300 _axxxi, 300 p.
440 0 _aSección de investigaciones antropológicas
650 4 _aTRATO A LOS INDIGENAS
_95515
650 2 _aSociología rural
_911477
650 4 _aIndígenas
_xSituación legal, leyes, etc.
_913975
905 _aLibro
999 _c5350
_d5350